UM Logo

Moral and spiritual values and practices of the University of Mindanao Digos Branch Students/ (Record no. 1753)

MARC details
000 -LEADER
fixed length control field 00619nam a22001577a 4500
008 - FIXED-LENGTH DATA ELEMENTS--GENERAL INFORMATION
fixed length control field 160414b xxu||||| |||| 00| 0 eng d
082 ## - DEWEY DECIMAL CLASSIFICATION NUMBER
Edition number 2007
Classification number UT 0150
Item number So67
100 ## - MAIN ENTRY--PERSONAL NAME
9 (RLIN) 5559
Personal name Soquita, Mary Grace S.
245 ## - TITLE STATEMENT
Title Moral and spiritual values and practices of the University of Mindanao Digos Branch Students/
Statement of responsibility, etc. Mary Grace S. Soquita, Louela A. Umalay and Daniel R. Ocong.
260 ## - PUBLICATION, DISTRIBUTION, ETC. (IMPRINT)
Place of publication, distribution, etc. Digos City:
Name of publisher, distributor, etc. UMDC
Date of publication, distribution, etc. March 2007.
300 ## - PHYSICAL DESCRIPTION
Extent 42 pages;
Dimensions 28 cm.
650 #0 - SUBJECT ADDED ENTRY--TOPICAL TERM
9 (RLIN) 5561
Topical term or geographic name as entry element Liberal Arts
Form subdivision English Language
General subdivision Undergraduate thesis.
700 ## - ADDED ENTRY--PERSONAL NAME
9 (RLIN) 5563
Personal name Umalay, Louela A.
700 ## - ADDED ENTRY--PERSONAL NAME
9 (RLIN) 5564
Personal name Ocong, Daniel R.
942 ## - ADDED ENTRY ELEMENTS (KOHA)
Source of classification or shelving scheme Dewey Decimal Classification
Koha item type Undergraduate Thesis
Holdings
Withdrawn status Lost status Source of classification or shelving scheme Damaged status Not for loan Collection code Home library Current library Date acquired Total Checkouts Full call number Barcode Date last seen Price effective from Koha item type
    Dewey Decimal Classification     Undergraduate Theses UM Digos College - LIC UM Digos College - LIC 04/14/2016   UT 0150 So67 2007 UT0150 04/14/2016 04/14/2016 Undergraduate Thesis